Gluténmentes termékek- magyar és spanyol tapasztalatok

Bibliographic Details
Main Author: Bodnár Vivien
Other Authors: Lugasi Dr Andrea
Format: Thesis
Kulcsszavak:Gluténmentes
Cöliákia
Spanyolország
Vendéglátás
Diéta
Online Access:http://dolgozattar.uni-bge.hu/530

MARC

LEADER 00000nta a2200000 i 4500
001 dolg530
005 20200403102832.0
008 141202suuuu hu om 000 hun d
040 |a BGE Dolgozattár Repozitórium  |b hun 
041 |a hu 
100 1 |a Bodnár Vivien 
245 1 0 |a Gluténmentes termékek- magyar és spanyol tapasztalatok  |c Bodnár Vivien  |h [elektronikus dokumentum] 
695 |a Gluténmentes 
695 |a Cöliákia 
695 |a Spanyolország 
695 |a Vendéglátás 
695 |a Diéta 
700 1 |a Lugasi Dr Andrea  |e ths 
856 4 0 |u http://dolgozattar.uni-bge.hu/530/1/Szakdolgozat.pdf  |z Dokumentum-elérés